|
|
|
|
| LEADER |
00000nab a2200000ua 4500 |
| 001 |
vtls010838332 |
| 003 |
SK-MaSNL |
| 005 |
20260304012242.0 |
| 008 |
230222s1967 xo |||||||||||||||||eng| |
| 035 |
|
|
|a (urnnbn)urn:nbn:sk:snk:ar-a06veq
|
| 035 |
|
|
|a urn:nbn:sk:snk-ab61m1
|
| 035 |
|
|
|a (uuid)594f8df9-af12-4fa5-8040-94388539ffb5
|
| 040 |
|
|
|a SNKBUCL
|b slo
|c SNKBUCL
|e AACR2
|
| 041 |
0 |
|
|a eng
|
| 044 |
|
|
|a xo
|c SK
|
| 100 |
1 |
|
|a Gálik, Marián,
|d 1933-2024
|4 aut
|9 92472
|
| 245 |
1 |
0 |
|a STUDIES IN MODERN CHINESE LITERARY CRITICISM: I. MAO TUN IN 1919-1920
|c Marián Gálik
|
| 773 |
0 |
|
|t Asian and African studies
|g Roč. 3, č. 1 (1967), s. 111-140
|
| 958 |
|
|
|a OND
|
| 958 |
|
|
|a EUIPO
|
| 958 |
|
|
|a article5
|
| 999 |
|
|
|c 2570796
|d 2572726
|